Downton Abbey (Downstairs) : Personnages - Statistiques

Statistiques générales
  • Ce quiz a été pris 302 fois
  • Le résultat moyen est 14 sur 16
Statistiques - réponses
Hint Réponse % Correct
Jeune apprentie de cuisine, vive et impulsive. Devient peu à peu une excellente cuisinière Daisy Robinson-Mason
98%
Femme de chambre depuis son plus jeune âge, douce mais déterminée, confidente des jeunes châtelaines. Prête à tout pour aider ceux qu'elle aime. Anna Smith
97%
Valet cassant et ambitieux, parfois intrigant. Son homosexualité lui complique bien la vie. Thomas Barrows
96%
Cuisinière bougon mais au cœur d'or. Un pur cordon bleu. Beryl Patmore
95%
Archétype de majordome. Plus soucieux de noblesse que les nobles eux-même. Charles Carson
95%
Chauffeur irlandais et socialiste qui a l'outrecuidance de tomber amoureux de la fille du châtelain Tom Branson
94%
Jeune femme de chambre rêvant de devenir secrétaire, ce qu'elle réussit avec l'aide de Lady Sybil. Gwen Dawson
93%
Valet du Comte. Une blessure lors de la guerre des Boers lui a laissé une boiterie. Son ex-femme lui crée bien des ennuis... John Bates
93%
Jeune valet timide mais sérieux et compétent, qui réalisera son rêve en devenant cuisinier au Ritz Alfred Nugent
87%
Gouvernante efficace et très humaine Elsie Hugues
86%
Femme de chambre ayant cédé aux sirènes de se laisser séduire par un soldat. Fille-mère, elle devra quitter son emploi. Ethel Parks
86%
Homme du village appelé en renfort de personnel. Touchant, maladroit et plus intelligent qu'il n'y paraît Joseph Mowesley
85%
Femme de chambre de la comtesse. Douce et effacée mais au passé douloureux. Phyllis Baxter
85%
Fermier d'un domaine voisin. Il a perdu son fils Jimmy à la guerre et s'attache à sa jeune belle-fille Daisy, orpheline. Mr Mason
84%
Majordome de la Comtesse douairière, écrit pour les rubriques de courrier du coeur d'un journal à ses heures perdues. Septimus Spratt
79%
Fermier du domaine depuis plusieurs générations. Fidèle, il est prêt à aider Lady Edith à garder son secret. Tim Drew
52%
Aucun quiz correspondant
Distribution des résultats
% des personnes avec chaque résultat
Percentile par nombre de réponses
Votre historique - résultats
Vous n’avez pas pris ce quiz